Statistics for U.S States by Last Two Letters

Click here to take the quiz!

General Stats

  • This quiz has been taken 30 times
    (22 since last reset)
  • The average score is 16 of 22

Answer Stats

Answer% Correct
{Io}wa
100%
{Tenness}ee
100%
{Hawa}ii
95%
{Kentuc}ky
95%
{Mai}ne
89%
{Ut}ah
89%
{Ida}ho
84%
{Mississip}pi
84%
{Oh}io
84%
{Colora}do
79%
{Missou}ri
79%
{Connectic}ut
68%
{New Jers}ey
68%
{Massachuset}ts
63%
{New Mexi}co
63%
{New Yo}rk
63%
{Oreg}on
63%
{Vermo}nt
63%
{Wyomi}ng
63%
{Wiscons}in
58%
{Illino}is
53%
{Michig}an
42%

Score Distribution

Percentile by Number Answered

Percent of People with Each Score

Your Score History

You have not taken this quiz since the last reset